000 00480pab a2200145 454500
008 180718b xxu||||| |||| 00| 0 eng d
100 _aVyasulu Vinod
245 _aNew economic policy and technological change: towards new initiatives
362 _a28(29 & 30), 17-24 Jul 93, p.1515-520
650 _a Technological Innovations -- India
650 _a India -- Economic Policy
650 _aBalance of Payments -- India
773 _aEconomic and Political Weekly
909 _a24658
999 _c24658
_d24658